000 00630nam a2200205 u 4500
001 000405729
003 AM-YeHGA
005 20250617132611.0
008 050126s2004 ||| r 000 0 rus d
020 _a5946925229
040 _aAM-YeHGA
041 0 _arus
100 1 _aСтарков, Олег Викторович
245 1 0 _aКриминопенология :
_bУчеб. пособие /
_cО.В. Старков.
260 _aМосква :
_bЭкзамен,
_c2004.
300 _a478 с.
650 1 4 _aКриминология
653 0 _aНаказание в уголовном праве
090 _c155509
999 _c154111
_d154111